Meco / (Record no. 46331)
[ view plain ]
| 000 -LEADER | |
|---|---|
| fixed length control field | 00988njm a22002657a 4500 |
| 005 - DATE AND TIME OF LATEST TRANSACTION | |
| control field | 20100916163143.0 |
| 006 - FIXED-LENGTH DATA ELEMENTS--ADDITIONAL MATERIAL CHARACTERISTICS--GENERAL INFORMATION | |
| fixed length control field | a|||||r|||||00| 0 |
| 007 - PHYSICAL DESCRIPTION FIXED FIELD--GENERAL INFORMATION | |
| fixed length control field | sd ammalaaahaa |
| 008 - FIXED-LENGTH DATA ELEMENTS--GENERAL INFORMATION | |
| fixed length control field | 100901t xxu||||| |||| 00| 0 eng d |
| 028 ## - PUBLISHER NUMBER | |
| Publisher number | DXLI 3043 |
| Source | Victor |
| 035 ## - SYSTEM CONTROL NUMBER | |
| System control number | GR-02910 |
| 040 ## - CATALOGING SOURCE | |
| Original cataloging agency | SED |
| Transcribing agency | SED |
| 100 ## - MAIN ENTRY--PERSONAL NAME | |
| Personal name | Meco Monardo |
| 9 (RLIN) | 17891 |
| 245 ## - TITLE STATEMENT | |
| Title | Meco / |
| Statement of responsibility, etc | by Meco Monardo |
| Medium | [Sound recording] |
| 260 ## - PUBLICATION, DISTRIBUTION, ETC. (IMPRINT) | |
| Place of publication, distribution, etc | Dum Dum, India |
| Name of publisher, distributor, etc | Victor |
| Date of publication, distribution, etc | 1977 |
| 300 ## - PHYSICAL DESCRIPTION | |
| Extent | 1 Sound disc [Gramophone Recording] : |
| Other physical details | analog, 33 1/3 rpm |
| Dimensions | 12 in. (LP) |
| Type of unit | Gramophone Record |
| 500 ## - GENERAL NOTE | |
| General note | Brief record |
| 500 ## - GENERAL NOTE | |
| General note | Record Labels : Victor, Yellow |
| 505 ## - FORMATTED CONTENTS NOTE | |
| Formatted contents note | Side-1 (Title theme) (Meco Monardo [and] Harold Wheeler) --Side-2 (Other) (Meco Monardo [and] Harold Wheeler) |
| 600 ## - SUBJECT ADDED ENTRY--PERSONAL NAME | |
| Personal name | Meco Monardo |
| 9 (RLIN) | 19718 |
| 650 ## - SUBJECT ADDED ENTRY--TOPICAL TERM | |
| Topical term or geographic name as entry element | Stories |
| General subdivision | Excerpts |
| Geographic subdivision | India |
| 9 (RLIN) | 17892 |
| 700 ## - ADDED ENTRY--PERSONAL NAME | |
| Personal name | Harold Wheeler |
| 9 (RLIN) | 20423 |
| 942 ## - ADDED ENTRY ELEMENTS (KOHA) | |
| Source of classification or shelving scheme | Dewey Decimal Classification |
| Item type | Gramaphone Records |
| Withdrawn status | Lost status | Source of classification or shelving scheme | Damaged status | Not for loan | Collection code | Home library | Current library | Date acquired | Source of acquisition | Total Checkouts | Barcode | Date last seen | Copy number | Price effective from | Koha item type |
|---|---|---|---|---|---|---|---|---|---|---|---|---|---|---|---|
| Dewey Decimal Classification | Not For Loan | Non-fiction | Central Library | Central Library | 16/09/2010 | SED/VEN | GR-02910 | 16/09/2010 | 1 | 16/09/2010 | Gramaphone Records |
